Zene és barátság határok nélkül a Klikkfesten fellép a UK Subs, a Tankcsapda, a Republic és a Zóna A is

Bibliographic Details
Main Authors: Puha, József, 1974- (Author, Interviewer), Kis, Péter (Author)
Format: Article
Language:Hungarian
PhysicalDescription:Fotogr.
Subjects:

MARC

LEADER 00000nab a2200000 ar4500
001 vtls008851786
003 SK-MaSNL
005 20260318133216.0
008 060808c20060701xo |||||||| 000 b|hun
015 |a SNBRB2006/08  |2 snkbucl 
038 |a SNKBUCL 
040 |a DSZK  |b slo  |c DSZK  |e AACR2  |d SNKBUCL 
041 0 |a hun 
044 |a xo  |c SK 
080 |a 78.079:784.66  |2 1997 
080 |a 784.66  |2 1997 
100 1 |a Puha, József,  |d 1974-  |4 ivr  |4 aut  |9 841893 
245 1 0 |a Zene és barátság határok nélkül  |b a Klikkfesten fellép a UK Subs, a Tankcsapda, a Republic és a Zóna A is  |c Puha József, Kis Péter 
300 |b Fotogr. 
611 2 7 |a Kozel Klikkfest  |n (13. :  |d 2006 :  |c Nové Zámky, Slovensko)  |2 snkbucl  |9 1241862 
648 7 |a 2006  |2 snkbucl  |9 313148 
650 0 7 |a hudobné festivaly  |2 snkbucl  |9 2958 
651 7 |a Nové Zámky (Slovensko)  |2 snkbucl  |9 15884 
655 7 |a rozhovory  |2 snkbucl  |9 31831 
700 1 |a Kis, Péter  |4 ive  |4 aut  |9 680492 
773 0 |t Új szó  |g Évf. 59, sz. 151 (1.7.2006), o. 15 
852 |a SNK  |b KIS3GCP 
852 |a DSZK  |b KIS3GCP 
958 |a HU 
958 |a SK 
999 |c 2199764  |d 2201694